000 00339nam a22001457a 4500
005 20161022151753.0
008 161022b xxu||||| |||| 00| 0 eng d
041 _aeng
100 _aBISWAS,D
_93628
245 _aROCK MECHANICS AND GROUND CONTROL
260 _bLOVELY
300 _a112
650 _aMINING ENGINEERING
_93629
942 _cBK
999 _c5283
_d5281